[Event "Charleroi op 5th"]
[Site "Charleroi"]
[Date "2006.07.29"]
[Round "1"]
[White "Magnifico, Cedric"]
[Black "Parys, Pierre"]
[Result "1-0"]
[WhiteElo "1501"]
[BlackElo "2000"]
[PlyCount "56"]
[EventDate "2006.07.29"]
[EventType "swiss"]
[EventRounds "9"]
[EventCountry "BEL"]
[SourceTitle "CBM 113 Extra"]
[Source "ChessBase"]
[SourceDate "2006.09.14"]
[SourceVersion "1"]
[SourceVersionDate "2006.09.14"]
[SourceQuality "1"]

1. c4 e5 2. Nc3 d6 3. g3 g6 4. Bg2 Bg7 5. d3 f5 6. e3 Nf6 7. Nge2 0-0 8. 0-0 h6 9. a3 Kh7 10. Rb1 Nc6 11. b4 Rb8 12. b5 Ne7 13. Bb2 g5 14. Qc2 Kh8 15. Rbd1 Ng6 16. f4 Ng4 17. Bc1 gxf4 18. exf4 exf4 19. Nxf4 Nxf4 20. Bxf4 Bd4+ 21. Kh1 Qe8 22. Rde1 Qh5 23. Bf3 Bd7 24. Bxg4 fxg4 25. Re7 Rf7 26. Rxf7 Be6 27. Re7 Re8 28. Rxe8+ Qxe8 1-0